De la prueba en derecho / (Registro nro. 30738)
[ vista simple ]
| 000 -LEADER | |
|---|---|
| fixed length control field | 02875nam a2200289Ia 4500 |
| 003 - CONTROL NUMBER IDENTIFIER | |
| control field | CO-CtgCURN |
| 005 - DATE AND TIME OF LATEST TRANSACTION | |
| control field | 20250409212017.0 |
| 008 - FIXED-LENGTH DATA ELEMENTS--GENERAL INFORMATION | |
| fixed length control field | 220303s9999 xx 000 0 und d |
| 020 ## - INTERNATIONAL STANDARD BOOK NUMBER | |
| International Standard Book Number | 9789587492781 |
| 040 ## - CATALOGING SOURCE | |
| Original cataloging agency | CO-CtgCURN |
| Language of cataloging | spa |
| Transcribing agency | coctgcurn |
| 082 ## - DEWEY DECIMAL CLASSIFICATION NUMBER | |
| Classification number | 347.06 |
| Item number | R672p |
| 100 ## - MAIN ENTRY--PERSONAL NAME | |
| Personal name | Rocha Alvira, Antonio |
| Dates associated with a name | 1899-1992 |
| Relator term | autor |
| 9 (RLIN) | 8415 |
| 245 #0 - TITLE STATEMENT | |
| Title | De la prueba en derecho / |
| Statement of responsibility, etc. | Antonio Rocha Alvira; revisado por Alfonso Clavijo González |
| 260 ## - PUBLICATION, DISTRIBUTION, ETC. | |
| Place of publication, distribution, etc. | Bogotá, Colombia : |
| Name of publisher, distributor, etc. | Grupo Editorial Ibañez, |
| Date of publication, distribution, etc. | 2013 |
| 300 ## - PHYSICAL DESCRIPTION | |
| Extent | 520 páginas ; |
| Dimensions | 23 centímetros |
| 500 ## - GENERAL NOTE | |
| General note | Incluye índice |
| 504 ## - BIBLIOGRAPHY, ETC. NOTE | |
| Bibliography, etc. note | Incluye referencias bibliográficas (p.[515] -519) |
| 505 ## - FORMATTED CONTENTS NOTE | |
| Formatted contents note | Capítulo 1. La cátedra de "pruebas judiciales". Capítulo 2. Que es probar y que es medio de prueba. Capítulo 3. Qué se debe probar, o sea, lo que es objeto de la prueba. Capítulo 4. Las fuentes del conocimiento. Su diferencia con los medios de prueba. La verdad metafísica, física e histórica. Capítulo 5. La prueba de las fuentes de las obligaciones y su diferencia con las fuentes del conocimiento. Capítulo 6. Clasificación y análisis lógico de los medios de prueba. Capítulo 7. La carga o peso de la prueba, o sea, el "onus probandi". Capítulo 8. Sistema probatorio llamado dispositivo. Capítulo 9. Actividad probatoria del juez penal y la carga de la prueba en ese ramo. Capítulo 10. De los varios sistemas probatorios. Capítulo 11. La prueba en derecho laboral. Capítulo 12. La conducencia y eficacia legal de la prueba. Capítulo 13. El principio de contradicción de publicidad de la prueba. Capítulo 14. Incidencias de las normas de procedimiento en la prueba. Capítulo 15. Hechos notorios la notoriedad como base de un derecho. Capítulo 16. Confesión o declaración de parte. Capítulo 17. Confesión como prueba del estado civil legítimo y de filiación natural. Capítulo 18. El narcoanálisis y la confesión. Capítulo 19. Las posiciones como medio de obtener confesión. Interroga torio de parte. Capítulo 20. Del testimonio. Capítulo 21. De la prueba literal. Capítulo 22. Tacha de falsedad o incidentes sobre autenticidad de un documento público o privado. Capítulo 23. Documentos y poderes otorga dos en países extranjeros. Capítulo 24. La prueba por medio de presunciones. Capítulo 25. La presunción de capacidad legal para contratar y para testar y la prueba de la demencia que desvirtúa la presunción. Capítulo 26. La prueba indicial. |
| 521 ## - TARGET AUDIENCE NOTE | |
| Target audience note | AREA PROFESIONAL |
| 590 ## - LOCAL NOTE (RLIN) | |
| Local note | Programa de Derecho_18 |
| 650 ## - SUBJECT ADDED ENTRY--TOPICAL TERM | |
| Topical term or geographic name entry element | Prueba (Derecho) |
| 9 (RLIN) | 8416 |
| Geographic subdivision | Colombia |
| 650 ## - SUBJECT ADDED ENTRY--TOPICAL TERM | |
| Topical term or geographic name entry element | Derecho procesal |
| Geographic subdivision | Colombia |
| 9 (RLIN) | 8435 |
| 700 ## - ADDED ENTRY--PERSONAL NAME | |
| Personal name | Clavijo González, Alfonso |
| 9 (RLIN) | 8417 |
| Relator term | revisor |
| 942 ## - ADDED ENTRY ELEMENTS (KOHA) | |
| Koha item type | Libros |
| Classification part | 347.06 |
| Item part | R672p |
| Source of classification or shelving scheme | Dewey Decimal Classification |
| Withdrawn status | Lost status | Source of classification or shelving scheme | Damaged status | Not for loan | Collection | Home library | Current library | Shelving location | Date acquired | Source of acquisition | Inventory number | Total checkouts | Full call number | Barcode | Date last seen | Copy number | Price effective from | Koha item type | Public note | Date last checked out |
|---|---|---|---|---|---|---|---|---|---|---|---|---|---|---|---|---|---|---|---|---|
| Dewey Decimal Classification | Miguel Henríquez Castañeda Barranquilla | Miguel Henríquez Castañeda Barranquilla | General | 03/02/2022 | Compra OC-12-009-21 | 05008 | 347.06 R672p | 05008 | 03/03/2022 | ej.1 | 03/03/2022 | Libros | Compra OC-12-009-21 IIP 2021 | |||||||
| Dewey Decimal Classification | Miguel Henríquez Castañeda Barranquilla | Miguel Henríquez Castañeda Barranquilla | General | 03/02/2022 | Compra OC-12-009-21 | 05009 | 1 | 347.06 R672p | 05009 | 01/30/2025 | ej.2 | 03/03/2022 | Libros | Compra OC-12-009-21 IIP 2021 | 01/30/2025 |